Regionálne aspekty mzdového vývoja a spotrebiteľského správania v SR

Pozitívny vývoj základných makroekonomických ukazovateľov v SR, ale stále pretrváva veľká disparita v ekonomickej výkonnosti regiónov. Prenos tohto problému do oblasti regionálneho mzdového vývoja a následne do výdavkov domácností v jednotlivých regiónoch. Analýza vzťahu mzdového vývoja a spotrebite...

Ausführliche Beschreibung

Gespeichert in:
Bibliographische Detailangaben
1. Verfasser: Ivanová, Eva
Format: Buchkapitel
Sprache:Slowakisch
Schlagworte:
Tags: Tag hinzufügen
Keine Tags, Fügen Sie das erste Tag hinzu!

MARC

LEADER 00000nla$a2200000$$$4500
001 0076464
005 20220321090036.8
041 0 |a slo 
044 |a SK 
245 1 0 |a Regionálne aspekty mzdového vývoja a spotrebiteľského správania v SR  |c Eva Ivanová 
520 |a Pozitívny vývoj základných makroekonomických ukazovateľov v SR, ale stále pretrváva veľká disparita v ekonomickej výkonnosti regiónov. Prenos tohto problému do oblasti regionálneho mzdového vývoja a následne do výdavkov domácností v jednotlivých regiónoch. Analýza vzťahu mzdového vývoja a spotrebiteľského správania v regiónoch SR. 
610 2 0 |a vývoj mzdový 
610 2 0 |a správanie spotrebiteľa 
610 2 0 |a regióny 
610 2 0 |a Slovensko 
610 2 0 |a výdavky 
100 1 |a Ivanová, Eva